LEADER 01017nam a2200217 i 4500 001 000000039239 003 CaOOAMICUS 005 20121001000000.0 008 121001s1990 it u000 u ita u 013 $a9966 040 $aSeMil$bita 100 1 $aRotary International : 2040. distretto : Gruppo "Olona".$0(OLS)http://semarc/name/16526 245 10$aQuaderno di un anno, luglio 1989-giugno 1990 :$bOlona: un fiume civiltà /$cRotary international : 204. [sic] distretto : Gruppo "Olona". 260 $a[S.l.] :$bEdizioni rotariane del Gruppo Olona,$c1990. 300 $a158 p. :$bill. ;$c24 cm. 650 4$aOlona .$0(OLS)http://semarc/subject/6455 850 $aSeMil 852 $aSeMil$W1$xVenegono$y1$m3P IV 210$j5394$B5394$CSeMilBibl$Z2$F5394 $81 961 $aOmaggio: Donazione 996 $6245$aQuaderno di un anno, luglio 1989-giugno 1990 :$bOlona: un fiume civiltà$9(OLS)http://semarc/title/55767 996 $6260$a[S.l.] :$bEdizioni rotariane del Gruppo Olona$9(OLS)http://semarc/publisher/40041 LEADER 01096nam a2200229 4500 001 000000366758 003 CaOOAMICUS 005 20260306112417.0 008 260306s1964 it 000 u ita r 040 $aSeMil$bita 100 1 $aTogni, Giuseppe.$0(OLS)http://semarc/name/123887 245 10$aRicordo del Cardinale Pietro Maffi /$cGiuseppe Togni, Mario Andreazza ; prefazione Silvano Burgalassi. 264 1$aPisa :$bCentro di preparazione politico-sociale Cardinal Maffi,$c1964. 300 $a63 p. ;$c22 cm 600 14$aMaffi, Pietro .$0(OLS)http://semarc/subject/36585 700 1 $aBurgalassi, Silvano,$e[prefazione di].$0(OLS)http://semarc/name/19954 700 1 $aAndreazza, Mario.$0(OLS)http://semarc/name/21911 850 $aSeMil 852 $aSeMil$W1$xVenegono$y1$m5C VIII 8/35$j268052$B257533$CSeMilBibl$Z2$F257533 $81 996 $6245$aRicordo del Cardinale Pietro Maffi$9(OLS)http://semarc/title/458535 996 $6264$aPisa :$bCentro di preparazione politico-sociale Cardinal Maffi$9(OLS)http://semarc/publisher/62931